| 000 | 00418nam a2200181Ia 4500 | ||
|---|---|---|---|
| 005 | 20250423101151.0 | ||
| 008 | 250422s9999 xx 000 0 und d | ||
| 020 | _a9789780298104 | ||
| 050 | _aPE 1111 .O46/ | ||
| 100 | _aOmorodion, G. N. | ||
| 245 | 4 | _aThe basic grammar of english | |
| 260 | _aIbadan | ||
| 260 | _bSpectrum Book Ltd | ||
| 260 | _c2011 | ||
| 300 | _a227 p | ||
| 650 | _aGrammar | ||
| 942 | _cBK | ||
| 999 |
_c35495 _d35495 |
||